Statistics for Current Demilitarized Zones

Click here to take the quiz!

General Stats

  • This quiz has been taken 24 times
  • The average score is 8 of 12

Answer Stats

Area:Country(s):% Correct
______ Demilitarized ZoneNorth Korea, South Korea
100%
Sinai PeninsulaEgypt
95%
ÅlandFinland
95%
SvalbardNorway
85%
United Nations Buffer Zone in ______Cyprus
75%
AbyeiSouth Sudan; Sudan
75%
Preah Vihear TempleCambodia
50%
United Nations Disengagement Observer Force ZoneSyria
45%
N/aAntarctica
40%
______ BarrierIraq; Kuwait
40%
Martín García IslandArgentina
35%
Joint Control CommissionMoldova; Transnistria
20%

Score Distribution

Percentile by Number Answered

Percent of People with Each Score

Your Score History

You have not taken this quiz